Sports Quiz

Random Sports Quiz

Le quiz de la semaine internationale 4 Stats

 Plays Quiz not verified by Sporcle

Score 0/10 Timer 03:00
0 Plays Today
Intitulé Réponse % Correct
Il a conclu son festival contre la France par une panenka Memphis Depay
96.6%
Il a offert à l’Angleterre une place en final four de la Ligue des Nations avec son but face à la CroatieHarry Kane
95.4%
Son penalty a permis à l’équipe de France de terminer l’année 2018 avec une victoireOlivier Giroud
92.4%
Unique buteur de Brésil-UruguayNeymar
87.1%
Seule équipe de la Ligue A à ne pas avoir connu la défaite en Ligue des NationsPortugal
84%
Score de Italie-Portugal0-0
78.9%
Son but en fin de match avec les Pays-Bas contre l’Allemagne a mis fin aux espoirs de l’équipe de France en Ligue des NationsVirgil van Dijk
74.8%
Grâce à son triplé, la Suisse a roulé sur la Belgique et s’est qualifiée pour le dernier carré de la Ligue des NationsHaris Seferović
69%
Son doublé a permis à la Belgique de battre l’IslandeMichy Batshuayi
60.8%
Seule équipe de la Ligue A à ne pas avoir gagné le moindre point en Ligue des NationsIslande
58.2%

You're not logged in!

Compare scores with friends on all Sporcle quizzes.
OR
Log In

Show Comments

Extras

Created Nov 20, 2018ReportNominate
Tags:amateur, internationale, mode

Top Quizzes Today


Score Distribution

Your Account Isn't Verified!

In order to create a playlist on Sporcle, you need to verify the email address you used during registration. Go to your Sporcle Settings to finish the process.

Report this User

Report this user for behavior that violates our Community Guidelines.

Details: